000 00387pam a2200145a 44500
008 230405s2012 xxu||||| |||| 00| 0 eng d
020 _a9781444112146
_cRs. 1670.98
082 _a610.73
_bDAV
100 _aBarton, Dave
245 _aAdult Nursing : Preparing For Practice
260 _aLondon
_bHodder Arnold Publication
_c2012
300 _a322 p
502 _atext
906 _a002914
999 _c252170
_d252170